000 00250nam a2200097Ia 4500
008 190216s9999||||xx |||||||||||||| ||und||
100 _aNull
245 0 _aHindi-Aao Padem Aur Sambanth
260 _bNational Council Of Educational Research
942 _cBK
999 _c16968
_d16968